Diseño de sistema de alcantarillado sanitario del barrio B-15, Carlos Núñez de la ciudad de Managua
Presenta el diseño de sistema de alcantarillado sanitario del barrio B-15, Carlos Núñez de la ciudad de Managua, se efectuó el diseño hidráulico de la red de alcantarillado sanitario, se consideraron los aspectos ambientales ante, durante y después del proyecto, se elaboró el presupuesto gen...
| Main Authors: | , |
|---|---|
| Other Authors: | |
| Format: | Tesis Section = Libro |
| Language: | Undetermined Spanish |
| Published: |
Managua
UNI
2002
|
| Subjects: |
| LEADER | 01236nam a2200253Ia 4500 | ||
|---|---|---|---|
| 008 | 240830s9999 xx 000 0 und d | ||
| 040 | |a BIBLIOTECA-RUPAP Mon 628.21 C797 | ||
| 041 | |a spa | ||
| 082 | |a Mon 628.21 C797 | ||
| 100 | 1 | |a Corea López, Armando Ariel | |
| 100 | 1 | |b Martínez Rodríguez, Bismark Manfredo | |
| 245 | 1 | 0 | |a Diseño de sistema de alcantarillado sanitario del barrio B-15, Carlos Núñez de la ciudad de Managua |
| 260 | |a Managua |b UNI |c 2002 | ||
| 300 | |a 100 p. :il. | ||
| 500 | |a Contiene: anexos. | ||
| 502 | |a Tesis (Ingeniero Civil)- UNI, 2002. | ||
| 520 | 3 | |a Presenta el diseño de sistema de alcantarillado sanitario del barrio B-15, Carlos Núñez de la ciudad de Managua, se efectuó el diseño hidráulico de la red de alcantarillado sanitario, se consideraron los aspectos ambientales ante, durante y después del proyecto, se elaboró el presupuesto general de la obra y se definieron las especificaciones técnica materiales y de construcción. | |
| 650 | 7 | |a ALCANTARILLADO SANITARIO – DISEÑO | |
| 650 | 7 | |b SISTEMA DE ALCANTARILLADO SANITARIO | |
| 650 | 7 | |c INGENIERIA SANITARIA | |
| 700 | 1 | |a Tutor: |b Lanza Mejía, Nestor Javier | |
| 942 | |c BK |2 ddc | ||
| 991 | |a TESIS | ||
| 999 | |c 16351 | ||